书目信息 |
| 题名: |
FRONTPAGE98实用指南
|
|
| 作者: | 云舟工作室 | |
| 分册: | ||
| 出版信息: | 北京 人民邮电出版社 1998.10 |
|
| 页数: | 377页 | |
| 开本: | 16开 | |
| 丛书名: | ||
| 单 册: | ||
| 中图分类: | TP314-5 | |
| 科图分类: | ||
| 主题词: | 软件 | |
| 电子资源: | ||
| ISBN: | 7-115-07381-3 | |
| 000 | 00533nam0 2200181 45 | |
| 001 | 9911301546 | |
| 005 | 19991130153953.6 | |
| 010 | @a7-115-07381-3@d34.00 | |
| 100 | @a19991130d1998 km y0chiy0120 ea | |
| 101 | @achi | |
| 105 | @a z 000yy | |
| 200 | 1 | @aFRONTPAGE98实用指南@AFRONTPAGE98 Shi Yong Zhi Nan@f云舟工作室@FYun Zhou Gong Zuo Shi |
| 210 | @a北京@c人民邮电出版社@d1998.10 | |
| 215 | @a377页@c无图表@d16开 | |
| 606 | 0 | @a软件 |
| 690 | @aTP314-5@v3 | |
| 801 | @aCN@bPerfectUser@c19991130 | |
| 905 | @aBZT@b69735@f1@dTP314-5@e2 | |
| FRONTPAGE98实用指南/云舟工作室.-北京:人民邮电出版社,1998.10 |
| 377页:无图表;16开 |
| ISBN 7-115-07381-3:34.00 |
| ● |
| 相关链接 |
|
|
|
正题名:FRONTPAGE98实用指南
索取号:TP314-5/2
 
预约/预借
| 序号 | 登录号 | 条形码 | 馆藏地/架位号 | 状态 | 备注 |
| 1 | 69735 | 200392510 | 中心书库中库/ 中库027架B面6列3层33/ [索取号:TP314-5/2] | 在馆 |